Statistiques concernant Une image, un disney

Cliquez ici pour prendre le quiz!

Statistiques générales

  • Ce quiz a été pris 6 859 fois
  • Le résultat moyen est 11 sur 12

Statistiques - réponses

Réponse% Correct
Blanche Neige
99%
Bambi
98%
Le roi lion
98%
Pinocchio
98%
Némo
97%
Là haut
95%
La belle et le clochard
94%
Les 101 dalmatiens
93%
Ratatouille
93%
Aladin
90%
La belle et la bete
90%
Alice aux pays des merveilles
68%

Distribution des résultats

Percentile par nombre de réponses

% des personnes avec chaque résultat

Votre développement - résultats

Vous n’avez pas pris ce quiz